000 00947nam a22002777a 4500
005 20210325203308.0
008 s2007 eng d
020 _a9780379004670
040 _aNALT
041 _aeng
090 _aKA 25
_bC66 2007 v.4
245 0 0 _aConstitutions of the countries of the world 2007 vol. IV
260 _aNew York :
_bOceana,
_c2007
300 _a20 v. ;
_c27 cm.
650 4 _aConstitutions
_950503
_zComoros
650 4 _aConstitutions
_950504
_zChina
650 4 _aConstitutions
_950505
_zCentral African
650 4 _aConstitutions
_950506
_zChad
650 4 _aConstitutions
_950507
_zColombia
650 4 _aConstitutions
_950508
_zChile
650 4 _aConstitutions
_950509
_zCape Verde
650 4 _aConstitutions
_950510
_zCanada
850 _aNALT
942 _cREF
_2local
998 _j109
_k อารีรัตน์ วิชาช่าง
999 _c57807
_d57807